Los quince sábados o las quince visitas al santuario o gruta de Ntra. Sra. de Lourdes

Saved in:
Bibliografiske detaljer
Institution som forfatter: Santuario de Lourdes de Santiago (Author)
Format: Bog
Sprog:spansk
Udgivet: Santiago Imprenta y Encuadernación de Lourdes, Arturo prat, 274 1909
Udgivelse:1a. ed
Fag:
Tags: Tilføj Tag
Ingen Tags, Vær først til at tagge denne postø!

MARC

LEADER 00000nam a2200000 a 4500
001 UCJ6189
003 CL-VaPUC
008 070124e19090000CL |||||||||||||||||spa|d
082 0 4 |a 241  |b SAN  |2 21 
110 2 |a Santuario de Lourdes de Santiago  |e author  |9 512580 
245 1 4 |a Los quince sábados o las quince visitas al santuario o gruta de Ntra. Sra. de Lourdes 
250 |a 1a. ed 
300 |a 20 p 
942 |c BK 
945 |d 20070124 00:00:00  |a rinostro 
260 |a Santiago  |b Imprenta y Encuadernación de Lourdes, Arturo prat, 274  |c 1909 
500 |a Pequeño folleto in folio.- Port.- v.: Imagen de santa Bernardita ante la Santísima Virgen en la Gruta de Lourdes. Por su muy pequeño tamaño este folleto se ubica en bolsillo posterior del libro Crónica del Monasterio de Capuchinas, del Padre Luis Francisco Prieto, ubicado en 282 PRI 
600 0 7 |a INMACULADA CONCEPCION  |2 CL-VaPUC  |9 512581 
650 7 |a DEVOCIONES MARIANAS  |2 CL-VaPUC  |9 507213 
650 7 |a ORACIONES  |2 CL-VaPUC  |9 319212 
650 7 |a NOVENAS  |2 CL-VaPUC  |9 512582 
650 0 |a Iconografía   |9 267998 
583 |a last modification  |c 20121220 08:48:47  |k Rodrigo Vera 
999 |c 322297  |d 322295 
952 |0 0  |1 0  |4 0  |6 241_000000000000000_SAN_1909  |7 0  |8 X  |9 401262  |a FDOBUD  |b FDOBUD  |d 2019-11-22  |i 1045016  |o 241 SAN 1909  |p 1045016  |r 2019-11-22  |w 2019-11-22  |y BK_X  |k BUD